UBT Library

Publication manual of the American Psychological Association. (Record no. 44131)

000 -LEADER
fixed length control field 00612cam a2200229 a 4500
001 - CONTROL NUMBER
control field 2349497
005 - DATE AND TIME OF LATEST TRANSACTION
control field 20180306033817.0
008 - FIXED-LENGTH DATA ELEMENTS--GENERAL INFORMATION
fixed length control field 830111s1983 dcu bf 001 0 eng
010 ## - LIBRARY OF CONGRESS CONTROL NUMBER
LC control number 83002521
020 ## - INTERNATIONAL STANDARD BOOK NUMBER
International Standard Book Number 0912704578 (pbk.) :
Terms of availability $15.00
040 ## - CATALOGING SOURCE
Original cataloging agency DLC
Transcribing agency DLC
Modifying agency DLC
-- WaU
041 ## - LANGUAGE CODE
Language code of text/sound track or separate title eng
060 ## - NATIONAL LIBRARY OF MEDICINE CALL NUMBER
Classification number WZ 345 A518p
080 ## - UNIVERSAL DECIMAL CLASSIFICATION NUMBER
Universal Decimal Classification number 808.02 ELL
082 00 - DEWEY DECIMAL CLASSIFICATION NUMBER
Classification number 808.02 ELL
Edition number 19
100 ## - Rafti
Rafti 48
101 ## - Shkurtesa
Shkurtesa PSI
245 00 - TITLE STATEMENT
Title Publication manual of the American Psychological Association.
504 ## - BIBLIOGRAPHY, ETC. NOTE
Bibliography, etc Bibliography: p. 181-188.
906 ## - LOCAL DATA ELEMENT F, LDF (RLIN)
a 7
b cbc
c orignew
d 1
e ocip
f 19
g y-gencatlg
942 ## - ADDED ENTRY ELEMENTS (KOHA)
Source of classification or shelving scheme
Item type Books
Holdings
Withdrawn status Lost status Source of classification or shelving scheme Damaged status Not for loan Collection code Permanent location Current location Shelving location Date acquired Total Checkouts Full call number Barcode Date last seen Price effective from Koha item type
          Koleksioni i përgjithshem UBT - Lipjan UBT - Lipjan Koleksioni i përgjithshem 03/06/2018   808.02 ELL 002-3001183 03/06/2018 03/06/2018 Books
UBT Library © 2015-2024. All rights reserved University Education for Business and Technology